Szczegóły MARC21

Cyfrowe społeczeństwo w elektronicznej gospodarce /

003 -Nazwa inst., której nr kontr. jest w polu 001 [,]
    • @
    • Nazwa instytucji, której n kontrolny jest w polu 001
    • NUKAT
005 -DATA I CZAS OSTATNIEJ MODYFIKACJI [,]
    • @
    • pole kontrolne
    • 20241231091914.0
020 -Międzynarod. znormalizowany nr książki - ISBN [ , ]
    • a
    • Numer ISBN
    • 9788375562811 Find
040 -Instytucja sporządzająca opis [ , ]
    • a
    • Instytucja, która sporządziła opis (NP)
    • SZCZ 010/JT
    • c
    • Instytucja, która sporządziła rekord (NP)
    • SZCZ 010/JT
    • d
    • Instytucja, która zmodyfikowała rekord (P)
    • SZCZ 010/KW
    • d
    • Instytucja, która zmodyfikowała rekord (P)
    • Ł U/MSs
942 -Rodzaj dokumentu [ , ]
    • c
    • Rodzaj dokumentu
    • Książka
100 -Hasło główne - nazwa osobowa [1, ]
    • a
    • Nazwa osobowa (NP)
    • Borcuch, Artur
    • d
    • Daty biograficzne (NP)
    • (1977- ).
    • 9
    • KHW
    • 935
245 -Strefa tytułu i oznaczenia odpowiedzialności [1,0]
    • a
    • Tytuł
    • Cyfrowe społeczeństwo w elektronicznej gospodarce / Find
    • c
    • Pozostałe elementy strefy tytułu i oznaczenia odpowiedzialności (NP)
    • Artur Borcuch.
260 -Strefa adresu wydawniczego [ , ]
    • a
    • Miejsce wydania (P)
    • Warszawa :
    • b
    • Nazwa wydawcy (P)
    • CeDeWu,
    • c
    • Data wydania (P)
    • 2010.
300 -Strefa opisu fizycznego [ , ]
    • a
    • Określenie formy książki i/lub objętość (NP)
    • 120 s. :
    • b
    • Oznaczenie ilustracji (NP)
    • il. ;
    • c
    • Format (NP)
    • 24 cm.
336 -Typ zawartości [ , ]
    • a
    • Termin opisujący typ zawartości
    • Tekst
    • b
    • Kod określający zawartość
    • txt
    • 2
    • Źródło (terminu i kodu)
    • rdacontent
337 -Typ mediów [ , ]
    • a
    • Tryb odtwarzania
    • Bez urządzenia pośredniczącego
    • b
    • Kod typu mediów
    • n
    • 2
    • Źródło (terminu i kodu)
    • rdamedia
338 -Typ/rodzaj nośnika [ , ]
    • a
    • Hasło opisujące typ nośnika
    • Wolumin
    • b
    • Kod typu nośnika
    • nc
    • 2
    • Źródło (terminu i kodu)
    • rdacarrier
504 -Uwaga dot. bibliogr. załącznikowej [ , ]
    • a
    • Uwaga dot. bibliografii załącznikowej
    • Bibliogr. s. 111-120.
080 -Uniwersalna Klasyfikacja Dziesiętna [ , ]
    • 2
    • Identyfikator wydania tablic
    • UDC-P058
    • 9
    • UKD
    • 4802
    • a
    • Symbol klasyfikacji
    • 62-043.86
    • b
    • Dopowiedzenie
    • Postęp naukowo-techniczny w ogólności.
080 -Uniwersalna Klasyfikacja Dziesiętna [ , ]
    • 2
    • Identyfikator wydania tablic
    • UDC-P058
    • 9
    • UKD
    • 2960
    • a
    • Symbol klasyfikacji
    • 330.34
    • b
    • Dopowiedzenie
    • Rozwój gospodarczy.
080 -Uniwersalna Klasyfikacja Dziesiętna [ , ]
    • 2
    • Identyfikator wydania tablic
    • UDC-P058
    • 9
    • UKD
    • 2769
    • a
    • Symbol klasyfikacji
    • 316.325
    • b
    • Dopowiedzenie
    • Społeczeństwa ze względu na specyficzne kryteria. Społeczeństwo informacyjne. Społeczeństwo otwarte. Społeczeństwo obywatelskie.
080 -Uniwersalna Klasyfikacja Dziesiętna [ , ]
    • 2
    • Identyfikator wydania tablic
    • UDC-P058
    • 9
    • UKD
    • 3233
    • a
    • Symbol klasyfikacji
    • 338.4:004.7
    • b
    • Dopowiedzenie
    • Gospodarka elektroniczna.
650 -Hasło przedmiotowe [ ,7]
    • a
    • Hasło przedmiotowe
    • Społeczeństwo informacyjne.
    • 2
    • Źródło terminu
    • kaba
    • 9
    • KHW
    • 130681
650 -Hasło przedmiotowe [ ,7]
    • a
    • Hasło przedmiotowe
    • Technika
    • x
    • Określnik rzeczowy
    • aspekt społeczny.
    • 2
    • Źródło terminu
    • kaba
    • 9
    • KHW
    • 133075
650 -Hasło przedmiotowe [ ,7]
    • a
    • Hasło przedmiotowe
    • Techniki informatyczne
    • x
    • Określnik rzeczowy
    • aspekt ekonomiczny.
    • 2
    • Źródło terminu
    • kaba
    • 9
    • KHW
    • 368675
980 -Symbol UKD [ , ]
    • a
    • UKD
    • 62-043.86:330.43:316.325:338.4:004.7
920 -ISBN [ , ]
    • a
    • ISBN
    • 978-83-7556-281-1 Find
Status udost. Numer inwentarzowy Data inwentaryzacji Lokalizacja Sygnatura
-2GW.62822016-02-22GW316
-2T.145292014-02-10TT.14529